| 000 | 00649nam a2200205Ia 4500 | ||
|---|---|---|---|
| 003 | OSt | ||
| 005 | 20240612114143.0 | ||
| 008 | 210210b1987 xxu||||| |||| 00| 0 eng d | ||
| 040 | _cAL | ||
| 041 | _aKannada | ||
| 082 | _aK894.2 BANA | ||
| 100 |
_aBANNANJE GOVINDACHARYA. _9138737 _d ಬನ್ನಂಜೆ ಗೋವಿಂದಾಚಾರ್ಯ |
||
| 245 |
_aAveya mannina atada bandi. _bಅವೆಯ ಮಣ್ಣಿನ ಆಟದ ಬಂಡಿ |
||
| 260 |
_aUdupi _bRashtrakavi Govinda Pai Samshodhana Kendra _c1987 |
||
| 300 | _a220 | ||
| 650 |
_aMrachchhakatika _9138738 |
||
| 690 |
_aKannada Drama _9138739 |
||
| 906 | _a051262 | ||
| 942 |
_2ddc _cBK |
||
| 999 |
_c99751 _d99751 |
||